La ley de Parkinson (Registro nro. 2324)

Detalles MARC
000 -LEADER
fixed length control field 00813 a2200205 4500
001 - CONTROL NUMBER
control field 33039
005 - DATE AND TIME OF LATEST TRANSACTION
control field 20260407155625.0
008 - FIXED-LENGTH DATA ELEMENTS--GENERAL INFORMATION
fixed length control field 260407a1967 arg spa d
003 - CONTROL NUMBER IDENTIFIER
control field AR-UNSa-BCEJYS
040 ## - CATALOGING SOURCE
Original cataloging agency AR-UNSa-BCEJYS
Language of cataloging spa
Transcribing agency AR-UNSa-BCEJYS
080 ## - UNIVERSAL DECIMAL CLASSIFICATION NUMBER
Universal Decimal Classification number 323.37
Common auxiliary subdivision Funcionarios (burocracia)
100 1# - MAIN ENTRY--PERSONAL NAME
Personal name Parkinson, C. Northcote
245 10 - TITLE STATEMENT
Title La ley de Parkinson
Name of part/section of a work otros ensayos
250 ## - EDITION STATEMENT
Edition statement 8a. ed.
264 #1 - PRODUCTION, PUBLICATION, DISTRIBUTION, MANUFACTURE, AND COPYRIGHT NOTICE
Place of production, publication, distribution, manufacture Barcelona :
Name of producer, publisher, distributor, manufacturer Ariel
Date of production, publication, distribution, manufacture, or copyright notice 1967
300 ## - PHYSICAL DESCRIPTION
Extent 158 p.
Dimensions 23 cm.
505 ## - FORMATTED CONTENTS NOTE
Formatted contents note 1. La ley de parkinson - 2. La voluntad del pueblo - 3. Altas finanzas - 4. Directores y consejeros - 5. La lista restingida - 6. Plantas y realizaciones - 7. Criba de personalidades - 8. La incelositis - 9. Del bohío al packard - 10. El quid de la cesantía.
590 ## - LOCAL NOTE (RLIN)
Local note niveau_biblio:m niveau_hierar:0
942 ## - ADDED ENTRY ELEMENTS (KOHA)
Koha item type
Existencias
Withdrawn status Lost status Damaged status Not for loan Home library Current library Shelving location Date acquired Total checkouts Full call number Barcode Date last seen Price effective from Koha item type
        Biblioteca Prof. Eusebio Cleto del Rey Biblioteca Prof. Eusebio Cleto del Rey   07/04/2026   323.37 P247 L21716 07/04/2026 07/04/2026 Libro
        Biblioteca Prof. Eusebio Cleto del Rey Biblioteca Prof. Eusebio Cleto del Rey   07/04/2026   323.37 P247 L21717 07/04/2026 07/04/2026 Libro